000 00363 a2200157 4500
001 14345
020 _a9788591784585
040 _cAnchieta - Aquarius
100 _aWeber, Gabriel Kosminsky
240 1 0 _a10 anos de aventuras
_lpor
245 1 0 _a10 anos de aventuras
300 _a68p.
362 0 _a2017
650 4 _aLiteratura infanto-juvenil
942 _cBK
999 _c14345
_d14345